000
00293pam a2200133 a 4500
020
_c
041
_h
082
_a
751.422
_b
HAI
100
_a
Jeans Haines .
245
_a
World of Watercolour
_h
Textual Documents
260
_a
[s.l]:
_b
Search Press
300
_a
176:
_b
Hard.
930
_a
7996
999
_c
241786
_d
241786